| 000 | 00896nam a22002415i 4500 | ||
|---|---|---|---|
| 001 | 48299 | ||
| 003 | ES-MaACL | ||
| 005 | 20260305063018.0 | ||
| 007 | t| | ||
| 008 | 950712s1889 sp a ||||1| spa d | ||
| 080 | _a939.73 | ||
| 100 | 1 |
_aChurch, Alfred John, _d1829-1912 _9147978 |
|
| 245 | 1 | 0 |
_aHistoria de Cartago / _cpor Alfredo J. Church ; versión española con ampliación y notas por Francisco Fernández y González. |
| 260 |
_aMadrid : _bEl Progreso Editorial, _c1889. |
||
| 300 |
_aXVI, 474 p., [12] h. de lám., [2] h. pleg. de mapas : _bil. ; _c21 cm. |
||
| 490 | 1 | _aHistoria de las naciones | |
| 650 | 4 |
_aCartagineses. _910795 |
|
| 651 | 4 |
_aCartago (Ciudad desaparecida)- _xHistoria. _9147979 |
|
| 700 | 1 |
_aFernández y González, Francisco, _d1833-1917 _949827 |
|
| 830 | 1 |
_aHistoria de las naciones _9182232 |
|
| 852 |
_aES-MaACL _jC-3262 |
||
| 999 |
_c48299 _d48299 |
||